Währungen in Europa - Statistiken

Allgemein
  • Dieses Quiz wurde 1.493 mal gespielt
  • Das Durchschnittsergebnis liegt bei 36 aus 45
Antworten auf der Karte
Die Antworten werden auf der Karte rot bzw. grün angezeigt, abhängig davon wie oft sie richtig erraten wurden.
 
Antwortstatistiken
Währung Land % Korrekt
Euro Andorra
99%
Euro Belgien
99%
Euro Deutschland
99%
Euro Estland
99%
Euro Finnland
99%
Euro Frankreich
99%
Euro Griechenland
99%
Euro Irland
99%
Euro Island
99%
Euro Italien
99%
Euro Kosovo
99%
Euro Kroatien
99%
Euro Letland
99%
Euro Liechtenstein
99%
Euro Litauen
99%
Euro Luxemburg
99%
Euro Malta
99%
Euro Monaco
99%
Euro Montenegro
99%
Euro Niederlande
99%
Euro Österreich
99%
Euro Portugal
99%
Euro San Marino
99%
Euro Slowakei
99%
Euro Slowenien
99%
Euro Spanien
99%
Euro Vatikanstadt
99%
Dänische Krone Dänemark
90%
Schwedische Krone Schweden
90%
Britisches Pfund Vereinigtes Königreich
89%
Norwegische Krone Norwegen
89%
Tschechische Krone Tschechien
87%
Schweizer Franken Schweiz
85%
Belarus Rubel Belarus
70%
Russische Rubel Russland
70%
Polnischer Złoty Polen
59%
Ungarischer Forint Ungarn
30%
Moldauischer Leu Moldawien
26%
Neuer Rumänischer Leu Rumänien
26%
Serbischer Dinar Serbien
25%
Bulgarischer Lew Bulgarien
23%
Albanischer Lek Albanien
20%
Mazedonischer Denar Nordmazedonien
10%
Bosnische Konvertible Mark Bosnien und Herzegowina
8%
Ukrainische Griwna Ukraine
2%
Keine übereinstimmenden Quizze gefunden
Verteilung der Resultate
Anzahl Personen mit jedem Resultat
Perzentil nach korrekt beantworteten Fragen
Ihre Resultats-Entwicklung
Sie haben dieses Quiz noch nicht gespielt